GCSE AQA English: Power & Conflict Authors - Statistics

General Stats
  • This quiz has been taken 244 times
  • The average score is 8 of 15
Answer Stats
Poem Author % Correct
Ozymandias Percy Bysshe Shelly
82%
London William Blake
65%
Remains Simon Armitage
63%
Exposure Wilfred Owen
61%
The Prelude: Stealing the Boat William Wordsworth
60%
Checking Out Me History John Agard
59%
War Photographer Carol Ann Duffy
56%
The Charge of the Light Brigade Alfred Tennyson
50%
Storm on the Island Seamus Heaney
50%
Tissue Imtiaz Dharker
47%
Poppies Jane Weir
47%
Bayonet Charge Ted Hughes
47%
Kamikaze Beatrice Garland
42%
My Last Duchess Robert Browning
40%
The Emigrée Carol Rumens
31%
No matching quizzes found
Score Distribution
Percent of People with Each Score
Percentile by Number Answered
Your Score History
You have not taken this quiz